Indian Dance and Music Litrature (Record no. 1121542)

MARC details
000 -LEADER
fixed length control field 00676nam a2200241Ia 4500
003 - CONTROL NUMBER IDENTIFIER
control field OSt
005 - DATE AND TIME OF LATEST TRANSACTION
control field 20221006165633.0
008 - FIXED-LENGTH DATA ELEMENTS--GENERAL INFORMATION
fixed length control field 221006b |||||||| |||| 00| 0 eng d
037 ## - SOURCE OF ACQUISITION
Terms of availability Textual
040 ## - CATALOGING SOURCE
Original cataloging agency FML
Transcribing agency FML
Language of cataloging eng
041 ## - LANGUAGE CODE
Source of code eng
Language code of text/sound track or separate title eng
100 ## - MAIN ENTRY--PERSONAL NAME
Personal name Hariharan M Au.
9 (RLIN) 676260
245 #0 - TITLE STATEMENT
Title Indian Dance and Music Litrature
260 ## - PUBLICATION, DISTRIBUTION, ETC.
Place of publication, distribution, etc. Delhi
Name of publisher, distributor, etc. Bibla Impex Pvt Ltd.
Date of publication, distribution, etc. 1981
300 ## - PHYSICAL DESCRIPTION
Extent 156
Dimensions cm.
700 ## - ADDED ENTRY--PERSONAL NAME
Personal name Kuppuswamy G Au.
9 (RLIN) 576289
942 ## - ADDED ENTRY ELEMENTS (KOHA)
Classification part NR44OjSa, M1 -; 1
Koha item type Textual
Source of classification or shelving scheme Colon Classification (CC)
Holdings
Withdrawn status Lost status Source of classification or shelving scheme Damaged status Not for loan Home library Current library Date acquired Total Checkouts Full call number Barcode Date last seen Price effective from Koha item type
    Colon Classification (CC)     Department of Music Library Department of Music Library 2022-10-06   NR44OjSa M1 -; 1 MU0007968 2022-10-06 2022-10-06 Textual
Copyright @ Delhi University Library System